=LDR 00000nam 2200000 4500 =001 INLIS000000000061661 =005 20230118081559 =035 ##$$a 0010-1122000042 =007 ta =008 230118###########################0#ind## =082 ##$$a 332.024 =084 ##$$a 332.024 Ram u =100 #$$a Ramkumar Vivek =245 1#$$a Uang Kami, Tanggung Jawab Kami : $b Upaya Masyarakat Sipil Untuk Memantau Dan Mempengaruhi Kualitas Pembelajaran Pemeerintah /$c Ramkumar Vivek =260 ##$$a Jakarta :$b Pattiro,$c 2009 =300 ##$$a 192 halaman : $b ilustrasi ; $c 22 cm =650 #4$$a Keuangan =990 ##$$a 3202202660